000
00308nam a22001337a 4500
008
170911b xxu||||| |||| 00| 0 eng d
020
_a
9780691095059
041
_a
eng
080
_a
52
100
_a
42
101
_a
AST
245
_a
THE BLACK HOLE AT THE CENTER OF OUR GALAXY
_c
MELIA,F
942
_2
udc
_c
BK
999
_c
27083
_d
27083